000 00535nam a2200205Ia 4500
003 OSt
005 20220830095505.0
008 220830b |||||||| |||| 00| 0 eng d
020 _a81 7808 877 0
040 _cIFM Library
082 _a332.6
100 _aHaugen, Robert A.
_96056
245 _aModern Investment Theory
250 _a5th ed.
260 _aIndia:
_bPearson Education,
_c2003
300 _axvi, 656p.:
_b ill.; 25cm.
500 _aIncludes Reference and Index
650 _aInvestments
_92499
942 _cBK
_2ddc
_n0
999 _c5441
_d5441